Guess The Artist By Letter (K) - Statistics

General Stats
  • This quiz has been taken 83 times
  • The average score is 8 of 17
Answer Stats
Hint Answer % Correct
California Girls Katy Perry
84%
TiK ToK Ke$ha
73%
Carry On Wayward Son Kansas
69%
Celebration Kool & The Gang
65%
The Gambler Kenny Rogers
62%
Danger Zone Kenny Loggins
59%
I Was Made For Lovin' You KISS
57%
That's The Way I Like It KC and the Sunshine Band
50%
Bette Davis Eyes Kim Carnes
47%
Walking On Sunshine Katrina and the Waves
46%
Because Of You Kelly Clarkson
46%
In The Court Of The Crimson King King Crimson
41%
All Summer Long Kid Rock
35%
Dancing In The Moonlight King Harvest
19%
Good Morning Kanye West
15%
Supersonic Rocket Ship The Kinks
11%
Come With Me Now KONGOS
5%
No matching quizzes found
Score Distribution
Percent of People with Each Score
Percentile by Number Answered
Your Score History
You have not taken this quiz